Kombinované lepenkové paletové boxy

Súčasné progresívne typy lepenkových box-paliet. Paletové boxy zo sendvičových dosiek. Paletové boxy s konštrukciou lepenkových ochranných hrán. Paletové boxy s kombináciou plastu a vlnitej lepenky.

Salvato in:
Dettagli Bibliografici
Autore principale: Vítek, Miloslav
Natura: Capitolo di libro
Lingua:ceco
Soggetti:
Tags: Aggiungi Tag
Nessun Tag, puoi essere il primo ad aggiungerne!!

MARC

LEADER 00000naa a2200000 4500
001 0186821
005 20231211080342.5
041 0 |a cze 
044 |a CZ 
245 1 0 |a Kombinované lepenkové paletové boxy  |c Miloslav Vítek 
520 |a Súčasné progresívne typy lepenkových box-paliet. Paletové boxy zo sendvičových dosiek. Paletové boxy s konštrukciou lepenkových ochranných hrán. Paletové boxy s kombináciou plastu a vlnitej lepenky. 
610 2 0 |a palety 
610 2 0 |a balenie 
610 2 0 |a obaly 
610 2 0 |a papier 
610 2 0 |a drevo 
610 2 0 |a plasty 
610 2 0 |a manipulácia s tovarom 
100 1 |a Vítek, Miloslav